| 000 | 00935nam a2200349 a 4500 | ||
|---|---|---|---|
| 003 | AR-BaBNM | ||
| 005 | 20251128203223.0 | ||
| 008 | 082120s2002 ||||||||||||||000 | spa|| | ||
| 040 | _cAR-BaBNM | ||
| 100 | 1 | _aJaurès, Jean | |
| 245 | 0 | 0 | _aPages choisies |
| 260 |
_aParis _bRieder _c1928 |
||
| 300 | _a288 p. | ||
| 500 | _aTablas de materias en p. 287 | ||
| 500 | _aLibro que perteneció a Pablo A. Pizzurno | ||
| 650 | 4 | _aHISTORIA DE LA EDUCACION | |
| 650 | 4 | _aESCUELAS PUBLICAS | |
| 650 | 4 | _aESCUELAS PRIMARIAS | |
| 650 | 4 | _aSOCIOLOGIA DE LA EDUCACION | |
| 650 | 4 | _aESCUELAS CONFESIONALES | |
| 650 | 4 | _aLITERATURA FRANCESA | |
| 650 | 4 | _aFILOSOFIA LITERARIA | |
| 650 | 4 | _aANALISIS LITERARIO | |
| 650 | 4 | _aBIOGRAFIAS | |
| 650 | 4 | _aSOCIALISMO | |
| 651 | 4 | _aFrancia | |
| 655 | _aLITERATURA | ||
| 700 | 1 |
_aDesanges, Paul _eprologuista |
|
| 700 | 1 |
_aMériga, Luc _eprologuista |
|
| 942 | _cBK | ||
| 998 | _cisola | ||
| 999 |
_c2450 _d2450 |
||